000
00322nam a2200145Ia 4500
100
_a
Kuchhal/ S.C.
942
_c
BK
654
_a
Financial management
245
_a
Financial management
260
_b
Chaitaeya pub. house
_a
Allahabad
_c
1985
082
_a
658.1
_b
Kuc
300
_a
562
546
_a
ENGLISH
999
_c
28953
_d
28953